000 01158naa a22002897a 4500
001 BR8806566
003 BR-BrBNA
005 20240918180328.0
007 ta
008 230509b bl.||||| |||| 00| 0 por d
040 _aBR-BrBNA
_bpor
_cBiblioteca Nacional de Agricultura
041 _a(Pt)
072 _aL73
_b6100
_bG514
090 _aL73 BR8806566
100 1 _aSilva, J.M.L. da
111 1 _a6. Seminario dos Produtores de Pintos de Corte
_cCampinas, SP (Brazil)
_d15-17 Jun 1988
245 1 _aComplexo respiratorio em frangos de corte: a experiencia brasileira
246 1 _a[Respiratory complex in broiler chickens: the brazilian experience]
246 1 _a[Annals of the 6th Reunion about Chicks Producers]
260 3 _aCampinas, SP (Brasil):
_c1988.
500 _aAnais do 6. Seminario dos Produtores de Pintos de Corte Campinas, SP (Brasil): 1988. p. 141-150 (BR8806566-AM)L73
650 _aFRANGO DE CORTE
650 _aDOENCA RESPIRATORIA
773 0 _tAnais do 6. Seminario dos Produtores de Pintos de Corte
_wL73 BR8806566
_gCampinas, SP (Brasil), 1988. p. 141-150
909 _a202404
_bLucia
_c55
_dLucia Elande
942 _cAM
_2AGRIS
999 _c319849
_d319849